Podpora domácich výrobcov je pre nás prirodzená
Predstavenie regionálneho výrobcu Sintra. Spoločnosť Sintra pred takmer dvadsiatimi rokmi odkúpila popradskú časť štátneho podniku Zdroj Košice. Okrem veľkoobchodu, ôsmich predajní a troch stoviek zamestnancov prevzala na seba aj jeho záväzky, vrátane dodávateľských zmlúv, ktoré mal závod uzavreté v...
Salvato in:
| Autore principale: | |
|---|---|
| Natura: | Capitolo di libro |
| Lingua: | slovacco |
| Soggetti: | |
| Tags: |
Nessun Tag, puoi essere il primo ad aggiungerne!!
|
MARC
| LEADER | 00000naa a2200000 4500 | ||
|---|---|---|---|
| 001 | 0249989 | ||
| 005 | 20200305092152.4 | ||
| 041 | 0 | |a slo | |
| 044 | |a CZ | ||
| 245 | 1 | 0 | |a Podpora domácich výrobcov je pre nás prirodzená |c Tatiana Kapitánová |
| 520 | |a Predstavenie regionálneho výrobcu Sintra. Spoločnosť Sintra pred takmer dvadsiatimi rokmi odkúpila popradskú časť štátneho podniku Zdroj Košice. Okrem veľkoobchodu, ôsmich predajní a troch stoviek zamestnancov prevzala na seba aj jeho záväzky, vrátane dodávateľských zmlúv, ktoré mal závod uzavreté výhradne so slovenskými dodávateľmi potravín. Dnes je toto číslo menšie, ale slovenským dodávateľom patrí na pultoch tatranskej siete potravín významné miesto. | ||
| 610 | 2 | 0 | |a reťazce obchodné |
| 610 | 2 | 0 | |a potraviny |
| 610 | 2 | 0 | |a regióny |
| 610 | 2 | 0 | |a výrobky domáce |
| 610 | 2 | 0 | |a Slovensko |
| 100 | 1 | |a Kapitánová, Tatiana | |